Saudi Arabia (Record no. 232259)

MARC details
000 -LEADER
fixed length control field 00746nam a2200265Ia 4500
003 - CONTROL NUMBER IDENTIFIER
control field OSt
005 - DATE AND TIME OF LATEST TRANSACTION
control field 20220918203537.0
008 - FIXED-LENGTH DATA ELEMENTS--GENERAL INFORMATION
fixed length control field 220917b |||||||| |||| 00| 0 eng d
037 ## - SOURCE OF ACQUISITION
Terms of availability Textual
040 ## - CATALOGING SOURCE
Original cataloging agency ARTS
Transcribing agency ARTS
Language of cataloging eng
041 ## - LANGUAGE CODE
Source of code eng
Language code of text/sound track or separate title eng
100 ## - MAIN ENTRY--PERSONAL NAME
Personal name Long David E
9 (RLIN) 109048
245 #0 - TITLE STATEMENT
Title Saudi Arabia
260 ## - PUBLICATION, DISTRIBUTION, ETC.
Place of publication, distribution, etc. London
Name of publisher, distributor, etc. Sage Publications
Date of publication, distribution, etc. 1976
300 ## - PHYSICAL DESCRIPTION
Extent 70p.
Dimensions cm.
490 ## - SERIES STATEMENT
Series statement Washington papers ed by Waltor La queur
500 ## - GENERAL NOTE
General note Bibliography p63-64; Appendix p65-70
650 ## - SUBJECT ADDED ENTRY--TOPICAL TERM
Topical term or geographic name entry element SAUDI ARAB - HISTORY
9 (RLIN) 109049
942 ## - ADDED ENTRY ELEMENTS (KOHA)
Classification part V461.N7, L6(EW);1
Koha item type Textual
Source of classification or shelving scheme Colon Classification (CC)
Holdings
Withdrawn status Lost status Damaged status Not for loan Home library Current library Date acquired Total Checkouts Full call number Barcode Date last seen Price effective from Koha item type
        Arts Library Arts Library 2022-09-18   V461.N7 L6(EW);1 AL0595680 2022-09-18 2022-09-18 Textual
Copyright @ Delhi University Library System